L’attuazione della Costituzione

Detalles Bibliográficos
Autor principal: Panizza, Saulle
Otros Autores: Romboli, Roberto
Formato: eBook
Lenguaje:italiano
Publicado: Pisa : Edizioni PLUS, 2008
Materias:
Acceso en línea:Acceso restringido

MARC

LEADER 00000nam a22000007a 4500
005 20110923110254.0
008 110923s2008 it |||||s|||| 00||0 ita d
020 |a 978-88-8492-446-9  
035 |a 4803 
040 |a vLex 
090 |c 2545  |d 2545 
100 1 |a Panizza, Saulle 
245 1 3 |a L’attuazione della Costituzione  |h [Recurso electrn̤ico] /  |c Saulle Panizza, Roberto Romboli  
256 |a Servicio en ln̕ea. 
260 |a Pisa :  |b Edizioni PLUS,  |c 2008 
300 |a 1 recurso electrn̤ico 
506 1 |a Contenido solo disponible en los productos indicados  |d vLex Global  |d vLex Global (Academic Edition, excluding Law Schools)  |d vLex Global (U.S. Academic Edition, Law Schools)  |d vLex Global (U.S. Academic Edition, excluding Law Schools)  |d vLex Global (Academic Edition, Law Schools) 
650 0 4 |a Derecho constitucional  |z Italia 
700 1 |a Romboli, Roberto 
740 0 |a vLex Libros (Servicio en ln̕ea) 
856 4 0 |u http://vlex.com/source/attuazione-costituzione-4803  |z Acceso restringido 
942 |c BOOK